| 000 | 00980nam0a22002771 4500 | ||
|---|---|---|---|
| 001 | rc\943787 | ||
| 005 | 20250622052241.0 | ||
| 035 | _a(NLR Aleph) 006116104 | ||
| 090 |
_a5411072 _c5411072 |
||
| 100 | _a20041129d1982 |||y0rusy50 ca | ||
| 101 | 0 | _arus | |
| 102 | _aRU | ||
| 105 | _aa ||||||||| | ||
| 200 | 1 |
_aСооружение воздушных линий электропередачи _e[Учебник для сред. ПТУ] |
|
| 205 | _a2-е изд., перераб. и доп. | ||
| 210 |
_aМ. _cВысш. школа _d1982 |
||
| 215 |
_a335 с. _cил. _d21 |
||
| 225 | 1 |
_aПрофтехобразование _iЭнергетика |
|
| 300 | _aЗагл. 3-го изд.: Сооружение линий электропередачи | ||
| 320 | _aБиблиогр.: с. 332 | ||
| 700 | 1 |
_aМагидин _bФ.А. _gФеликс Абрамович |
|
| 801 | 0 |
_aRU _bNLR _gpsbo |
|
| 801 | 1 |
_aRU _bELAR _2rusmarc |
|
| 852 |
_aNLR _j83-3/8 |
||
| 942 | _cBOOK | ||
| 980 | _aNB | ||